000 00329 a2200169 4500
001 188357
020 _a85-08-06418-7
040 _cMagnum
100 _aDiniz Filho, Aymar Macedo
240 1 0 _aPeixes
_lpor
245 1 0 _aPeixes
300 _a48
362 0 _a2003
440 1 _aÁtica
697 _aZOOLOGIA
942 _cBK
999 _c188357
_d188357